000 00521nam a22001937a 4500
003 OSt
005 20180116183031.0
008 151221b xxu||||| |||| 00| 0 eng d
020 _a04-563-89-1
024 _204-563-89-1
040 _cLahore LUMS
082 _a 174.4 LUM 1989
100 _aAzhar W, Malik S
245 _aSALT ’N PEPPER
_cAzhar W, Malik S
260 _aLahore LUMS
_b Lahore University of Management Sciences
_c1989
300 _a25 p.
_bPapers
440 _aSALT ’N PEPPER
942 _2ddc
_cCS
999 _c351003
_d351003